000 00942cam a2200205 4500
001 WB3641-21
008 000000n2000 000 0 eng u
035 _a(Sirsi) u108877
245 _aLocal people lead on regional planning
260 _c2000
490 _aDETR Press Release
_v(651) 17 October 2000 (3)
520 _aThe new PPG11 "Regional Planning" confirms that local authorities working with other stakeholders in their communities will, in the future, take the lead in preparing integrated regional planning and transport strategies. The full text of PPG11 and guidance on sustainability appraisals are available on DETR planning website at http://www.planning.detr.gov.uk.
590 _aWB
650 _aPPG11
650 _aPLANNING POLICY GUIDANCE NOTE 11
650 _aREGIONAL PLANNING
650 _aREGIONAL TRANSPORT STRATEGIES
690 _aENVIRONMENTAL AND LAND CONSULTANCY-PLANNING AND DEVELOPMENT
942 _n0
999 _c64998
_d64998